Law of Pleading: (Record no. 592418)
[ view plain ]
| 000 -LEADER | |
|---|---|
| fixed length control field | 00323nam a22001217a 4500 |
| 082 ## - DEWEY DECIMAL CLASSIFICATION NUMBER | |
| Classification number | 347.5491072 |
| Author Mark | MAH |
| 100 ## - MAIN ENTRY--PERSONAL NAME | |
| Personal name | Mahmood, M. |
| 245 ## - TITLE STATEMENT | |
| Title | Law of Pleading: |
| Remainder of title | practice and Procedure / |
| Statement of responsibility, etc. | M. Mahmood |
| 260 ## - PUBLICATION, DISTRIBUTION, ETC. | |
| Place of publication, distribution, etc. | Lahore : |
| Name of publisher, distributor, etc. | Al-Qanoon Publishers, |
| Date of publication, distribution, etc. | 2021. |
| 300 ## - PHYSICAL DESCRIPTION | |
| Extent | 1492 p. ; |
| Dimensions | 24 cm. |
| 563 ## - BINDING INFORMATION | |
| Binding note | HBK. |
| 942 ## - ADDED ENTRY ELEMENTS (KOHA) | |
| Source of classification or shelving scheme | |
| Koha item type | Book |
| Withdrawn status | Lost status | Source of classification or shelving scheme | Damaged status | Not for loan | Permanent Location | Current Location | Shelving location | Date acquired | Source of acquisition | Full call number | Barcode | Date last seen | Price effective from | Koha item type |
|---|---|---|---|---|---|---|---|---|---|---|---|---|---|---|
| NUST Law School (NLS) | NUST Law School (NLS) | Law | 11/20/2022 | Pakistan Law House | 347.5491072 MAH | CL-1337 | 06/14/2024 | 11/20/2022 | Book | |||||
| NUST Law School (NLS) | NUST Law School (NLS) | Law | 11/20/2022 | Pakistan Law House | 347.5491072 MAH | CL-1338 | 11/20/2022 | 11/20/2022 | Book |
